Biochemistry of lipids, lipoproteins and membranes / (Record no. 51762)

MARC details
000 -LEADER
fixed length control field 00525nam a2200193Ia 4500
005 - DATE AND TIME OF LATEST TRANSACTION
control field 20260429112003.0
008 - FIXED-LENGTH DATA ELEMENTS--GENERAL INFORMATION
fixed length control field 260429s9999||||xx |||||||||||||| ||und||
020 ## - INTERNATIONAL STANDARD BOOK NUMBER
International Standard Book Number 9780444634382
041 ## - LANGUAGE CODE
Language English
082 ## - DEWEY DECIMAL CLASSIFICATION NUMBER
Classification number 572
Item number RID
100 ## - MAIN ENTRY--PERSONAL NAME
Personal name Ridgway, Neale D.
245 #0 - TITLE STATEMENT
Title Biochemistry of lipids, lipoproteins and membranes /
Statement of responsibility, etc Neale D. Ridgway
250 ## - EDITION STATEMENT
Edition statement 6th ed.
260 ## - PUBLICATION, DISTRIBUTION, ETC. (IMPRINT)
Place of publication, distribution, etc Amsterdam :
Name of publisher, distributor, etc Elsevier,
Date of publication, distribution, etc 2016.
300 ## - PHYSICAL DESCRIPTION
Extent xxiii, 599 p.; hb
650 ## - SUBJECT ADDED ENTRY--TOPICAL TERM
Topical term or geographic name as entry element Biochemistry
700 ## - ADDED ENTRY--PERSONAL NAME
Personal name McLeod, Roger S.
942 ## - ADDED ENTRY ELEMENTS (KOHA)
Koha item type Text Books
Holdings
Withdrawn status Lost status Damaged status Not for loan Collection code Home library Location Shelving location Date of Cataloging Source of acquisition Total Checkouts Full call number Barcode Date last seen Price effective from Koha item type
        Non-fiction CUTN Central Library CUTN Central Library Sciences 29/04/2026 Apollo Book Distributors, Bengaluru - Invoice No. 2025-2026/208 on 16-02-2026   572 RID 56801 29/04/2026 29/04/2026 Text Books